Normal view MARC view

Entry Topical Term

Number of records used in: 1

001 - CONTROL NUMBER

  • control field: 12007

003 - CONTROL NUMBER IDENTIFIER

  • control field: OSt

005 - DATE AND TIME OF LATEST TRANSACTION

  • control field: 20191007101251.0

008 - FIXED-LENGTH DATA ELEMENTS

  • fixed length control field: 191007|| aca||aabn | a|a d

040 ## - CATALOGING SOURCE

  • Original cataloging agency: OSt
  • Transcribing agency: OSt

150 ## - HEADING--TOPICAL TERM

  • Topical term or geographic name entry element: Public administration

670 ## - SOURCE DATA FOUND

  • Source citation: Work cat.: (OSt): Chand, Daniel E. 12006, Protecting agency judges in an age of politicization: Evaluating judicial independence and decisional confidence in administrative adjudications

Powered by Koha